| 000 | 00361nam a2200145Ia 4500 | ||
|---|---|---|---|
| 008 | 150201s2005 xx 000 0 und d | ||
| 082 |
_a615 _bP2005S |
||
| 100 | _aSATOSKAR,R.S. | ||
| 245 | _aPHARMACOLOGY & PHARMACOTHERAPEUTICS | ||
| 250 | _a9TH | ||
| 260 |
_bPOPULAR PRAKASHAN _aKOLKATA _c2005 |
||
| 300 | _a1-1125 | ||
| 650 | _aPHARMACOLOGY | ||
| 942 |
_2ddc _cBK |
||
| 999 |
_c3655 _d3655 |
||